[Event "Romanian Team Rapid Open 2022"]
[Site "Sebes"]
[Date "2022.12.03"]
[Round "7.22"]
[White "Arion, Ilie"]
[Black "Ionescu, Mihai"]
[Result "0-1"]
[WhiteElo "1924"]
[BlackElo "2243"]
[Annotator "TA"]
[PlyCount "214"]
[EventDate "2022.12.03"]
[EventType "rapid"]
[EventCountry "ROU"]
[SourceTitle "playchess.com"]
[Source "ChessBase"]
[SourceQuality "1"]

{[%evp 23,214,2,13,-6,0,-4,0,-14,14,18,16,16,12,0,15,7,41,0,0,0,0,0,0,-10,-14,-13,-12,-15,-18,-25,-25,-16,-8,-13,-8,-10,-10,-13,0,-14,-8,-81,-81,-81,-79,-75,-63,-45,-57,-73,-73,-73,-80,-81,-81,-81,-74,-73,-71,-70,-70,-62,-64,-110,-92,-93,-91,-94,-91,-64,-45,-155,0,0,245,21,25,29,181,6,7,-62,-65,-74,-69,-129,0,-91,0,0,0,0,0,0,0,0,0,0,0,0,0,0,21,0,6,6,139,139,164,165,166,164,164,139,806,469,658,373,5135,0,0,0,0,0,0,0,0,0,0,0,0,0,0,0,0,-29982,-1334,-1168,0,0,0,-29981,-39,-1114,-942,-29977,29973,-700,-618,-29956,-668,-29963,-29963,-29967,-29968,-29968,-29969,-29969,-29967,-29976,-29968,-29969,-29967,-29966,0,-29969,-29970,-29970,-29970,-29978,-29964,-29962,-29958,-29954,-29952,-29975,-29976,-29975,-29975,-29976,-6277,-6087,-5501,-29984,-29985,-29985,-29986,-29986,-29987,-29988,-29989,-29989,-29990]} 1. d4 Nf6 2. c4 Nc6 3. Nf3 e6 4. g3 Bb4+ 5. Bd2 Qe7 6. Nc3 O-O 7. Bg2 Bxc3 8. Bxc3 Ne4 9. Rc1 d6 10. O-O Nxc3 11. Rxc3 e5 12. d5 Nb8 13. Qc1 {[#] E11: Bogo-Indian.} b6 $146 ({Predecessor:} 13... a5 14. c5 Na6 15. cxd6 cxd6 16. Nd2 Bg4 17. Re1 Bf5 18. e4 Bd7 19. a3 Rfc8 20. Nc4 Rc5 {1-0 (111) Lysyj,I (2498)-Wirig,A (2409) Playchess.com INT 2005}) 14. b4 a5 15. a3 {The position is equal.} axb4 16. axb4 Bg4 17. e4 Bxf3 18. Bxf3 Nd7 19. Ra3 Rfb8 20. Rxa8 Rxa8 21. Qc3 Qd8 22. Ra1 Qb8 23. Bg4 Nf6 {[%csl LRe4,LRg4]} 24. Bf3 Ra7 25. Rxa7 Qxa7 $11 {[%mdl 4096] Endgame KQB-KQN} 26. Kg2 g6 27. h3 h5 28. h4 Kg7 29. Qb2 Qa4 30. Qc3 Nd7 31. Qd2 {Prevents Qa2.} (31. Be2 $5) 31... Qb3 32. Be2 (32. Bxh5 $1 $11 Qxc4 33. Bf3) 32... Nf6 $17 33. Bd3 Qa3 34. Kh2 Qa1 35. Kg2 Qd4 {[%cal Of6g4]} 36. Qc2 Ng4 {[%cal Og4f2]} 37. Bf1 Kh7 {Black is more active.} 38. Kg1 Nf6 39. Bd3 Qa1+ 40. Qb1 Qa3 41. Kg2 Qc3 42. Be2 Qd2 43. Bf3 (43. Kf1 $1 $15 {might be stronger.}) 43... Qd4 44. Qc2 Kg7 45. Kg1 Qa1+ 46. Kg2 Qa3 {Against c5} (46... Qe1 {feels hotter.} 47. b5 Kg8 48. Be2 Nd7) 47. Qd2 (47. b5 $15) 47... Nd7 $2 (47... Qb3 $17 48. Bd1 Nxe4) 48. Bxh5 $11 Kf8 $2 (48... Nf6 $11 49. Bf3 Qb3) 49. Be2 $2 ({White must play} 49. Qh6+ $1 $18 Ke7 50. Qg5+ Ke8 51. Bxg6 $1 {[%mdl 512]} fxg6 52. Qxg6+ Ke7 53. Qe6+ Kd8 54. h5) 49... Nf6 50. Bf3 {Qg5 is the strong threat.} Qb3 $2 (50... Kg7 $1 $11) 51. Qh6+ $2 (51. Qg5 $18 Kg7 52. h5 Nxh5 53. Bxh5) 51... Ke7 52. h5 ({White should play} 52. Qg5 $11) 52... gxh5 $15 53. Bxh5 {[%cal Oh5g6]} Qxc4 54. Bf3 (54. Bg6 $1 $15 Nxd5 55. Bf5) 54... Qd4 (54... Nxe4 $2 55. Qh4+ Kf8 56. Qxe4 $18) (54... Qxb4 $17 55. Qg5 Qa4) 55. Qh8 (55. Qh4 $11 {remains equal.}) 55... Nxe4 (55... Qxb4 $17 {aiming for ...Qc4.} 56. Qc8 Qc4) 56. Qh4+ $11 Nf6 57. Qxd4 exd4 {KB-KN} 58. Kf1 Nd7 59. Ke2 Ne5 60. Be4 {Inhibits d3+.} Kf6 61. f4 Ng4 62. Kd3 Nh6 63. Kxd4 Ke7 64. Kc4 Ng4 (64... f5 $11 {keeps the balance.} 65. Bb1 Ng4) 65. Bf3 $1 $16 Ne3+ 66. Kd3 Nf5 67. g4 Ng7 68. Be4 {And now Kc4 would win.} f6 $2 {[%mdl 8192]} (68... Ne8 $16 69. g5 Ng7) 69. Bg6 {Hoping for Kc4.} Kd7 (69... Kd8 $142 70. Kd4 c5+ 71. dxc6 Ne6+ 72. Ke3 Ke7) 70. Ke4 c5 $2 {[#]} (70... Kd8 71. Kd3 b5) 71. b5 $2 ({Only move:} 71. dxc6+ $1 $18 Kxc6 72. f5) 71... Ke7 $11 72. g5 fxg5 73. fxg5 Ne8 74. Kd3 (74. Bxe8 Kxe8 75. Kf5 Kf8 76. Kg4 Kg7 77. Kf5 Kf7 78. Kf4 Kg6 79. Kg4 c4 80. Kf4 c3 81. Ke3 Kxg5 82. Kd3 Kf5 83. Kxc3 Ke5 84. Kc4 Ke4 85. Kb4 Kxd5 86. Kc3 Ke4 87. Kd2 Kd4 88. Ke2 Kc3 89. Kf2 d5 90. Ke2 d4 91. Kd1 Kd3 92. Ke1 Kc2 93. Kf2 d3 94. Kg3 d2 95. Kf4 d1=Q 96. Ke5 Qd7 97. Ke4 Qxb5 98. Kf3 Kd3 99. Kg3 Ke3 100. Kg4 Qe5 101. Kh3 Kf3 102. Kh4 b5 103. Kh3 Qh8#) 74... Nc7 75. Kc4 Kf8 76. Be4 Ne8 77. Bf5 Kf7 78. Be4 Ng7 79. Bf5 $2 {[%mdl 8192]} Nh5 (79... Nxf5 $142 80. Kc3 Kg6 81. Kc4 Kxg5 82. Kc3 Kf4 83. Kd2 Ne3 84. Kd3 Kf3 85. Kd2 Nxd5 86. Ke1 Nb4 87. Kd1 d5 88. Ke1 d4 89. Kd1 c4 90. Kd2 c3+ 91. Kd1 d3 92. Ke1 Na2 93. Kf1 d2 94. Kg1 Kg3 95. Kh1 d1=Q#) 80. Bd3 Ng3 $2 ({Better is} 80... Kg7 $19 {Strongly threatening ...Nf4.} 81. Kc3 Nf4) 81. Kc3 $1 Kg7 82. Bf5 $2 {[%mdl 8192]} Nh5 $2 (82... Nxf5 {mates} 83. Kd2 Ne7 84. Kd3 Nxd5 85. Ke4 Nb4 86. g6 Kxg6 87. Ke3 Kf5 88. Ke2 d5 89. Kf2 d4 90. Ke2 c4 91. Kf3 c3 92. Ke2 c2 93. Kd2 d3 94. Ke3 c1=Q+ 95. Kf3 d2 96. Kg2 d1=Q 97. Kh3 Qh1+ 98. Kg3 Qcg1#) 83. Kc4 $2 {[%mdl 8192]} (83. Kd3 $15) 83... Nf4 $19 84. Bd3 Ne2 $4 {[%mdl 8192]} 85. Be4 $4 {[%mdl 8192]} (85. Bxe2 {was the only winning move.} Kg6 86. Kd3 Kxg5 87. Ke4 Kf6 88. Kf4 Kg6 89. Bf1 Kf6 90. Bd3) 85... Nd4 86. g6 Kf6 (86... Ne2 $142 87. Kb3 Nf4 88. Bh1 Nxg6 89. Bg2 Nh4 90. Bh1 Kf6 91. Kc3 Nf5 92. Kd3 Ke5 93. Bg2 Nd4 94. Kc4 Nc2 95. Bh1 Ne3+ 96. Kb3 Nxd5 97. Bf3 Nf6 98. Bd1 d5 99. Kc3 c4 100. Kb4 Kd4 101. Bc2 Ne4 102. Bb1 Ke3 103. Bc2 Nd6 104. Bg6 Kd2 105. Ka3 c3 106. Kb3 d4 107. Bc2 d3 108. Bxd3 Kxd3 109. Ka2 c2 110. Kb2 Kd2 111. Kb3 c1=Q 112. Ka4 Nc4 113. Kb4 Qc3+ 114. Ka4 Nb2#) 87. Bd3 {[#]} Nf3 $1 88. Bc2 Ne5+ 89. Kc3 Nxg6 90. Kc4 Nf4 91. Bh7 Ke5 92. Bg8 Ng2 93. Kd3 Nf4+ 94. Kc4 Ke4 95. Bh7+ Ke3 96. Bg8 Ng6 97. Bh7 Ne5+ 98. Kc3 Nd7 99. Kc4 Kd2 100. Bf5 Ne5+ 101. Kb3 Nf3 (101... Nd3 $142 102. Bh3 Ne5 103. Bf1 c4+ 104. Bxc4 Nxc4 105. Kxc4 Kc2 106. Kd4 Kb3 107. Ke3 Kb4 108. Kd3 Kxb5 109. Kd4 Kb4 110. Ke3 b5 111. Kd4 Kb3 112. Ke3 b4 113. Kd4 Ka2 114. Kd3 b3 115. Ke4 b2 116. Kf5 b1=Q+ 117. Kg5 Kb3 118. Kg4 Kc4 119. Kg5 Kd4 120. Kf6 Kxd5 121. Kg5 Ke5 122. Kg4 Qb3 123. Kh5 Qg8 124. Kh6 Kf4 125. Kh5 Qh7#) 102. Kc4 Ne1 {( -> ...Ng2)} 103. Be6 Nc2 {Black mates.} 104. Kb3 Ne3 105. Bg8 c4+ {[%cal Bc5c4,Bc4c3,Bc3c2][%mdl 32]} 106. Kb4 c3 107. Bh7 c2 {Black used his chance.   Weighted Error Value: White=0.32/Black=0.28 (precise)} 0-1

[Event "Romanian Team Rapid Open 2022"]
[Site "Sebes"]
[Date "2022.12.03"]
[Round "7.24"]
[White "Stefan, Iulia-Cristiana"]
[Black "Santimbrean, Mihnea-Nicolae"]
[Result "0-1"]
[WhiteElo "1662"]
[BlackElo "1491"]
[Annotator "NA RC COMBH"]
[PlyCount "83"]
[EventDate "2022.12.03"]
[EventType "rapid"]
[EventCountry "ROU"]
[SourceTitle "playchess.com"]
[Source "ChessBase"]
[SourceQuality "1"]

1. e4 e6 2. d4 d5 3. e5 c5 4. c3 Qb6 5. Nf3 Nc6 6. Bd3 Bd7 7. O-O Be7 8. Re1 cxd4 9. a3 dxc3 10. Nxc3 Nd4 11. Nxd4 Qxd4 12. Nb5 Qb6 13. Be3 Qd8 14. Rc1 Bxb5 15. Bxb5+ Kf8 16. Qh5 h6 17. Rc2 a6 18. Bd3 Rc8 19. Rxc8 Qxc8 20. Rc1 Qd7 21. Bb6 Bg5 22. Rc7 Qe8 23. Rxb7 Ne7 24. Bxa6 g6 25. Qe2 Kg7 26. g3 Qc6 27. h4 Qc1+ 28. Kg2 Bd2 29. Rxe7 Qxb2 30. Be3 Qxa3 31. Ra7 Bxe3 32. fxe3 Qb4 33. Qf2 Qe4+ 34. Kh2 Rf8 35. Qf6+ Kg8 36. Qf4 Qc2+ 37. Kh3 h5 38. Bf1 Qc5 39. Rb7 Qc6 40. Re7 Qc5 41. Qg5 Qb4 42. Bg2 0-1

[Event "Romanian Team Rapid Open 2022"]
[Site "Sebes"]
[Date "2022.12.03"]
[Round "7.25"]
[White "Burja-Udrea, Razvan-Andrei"]
[Black "Patrascu, Catalin-Lucian"]
[Result "0-1"]
[WhiteElo "1365"]
[BlackElo "2279"]
[Annotator "TA"]
[PlyCount "82"]
[EventDate "2022.12.03"]
[EventType "rapid"]
[EventCountry "ROU"]
[SourceTitle "playchess.com"]
[Source "ChessBase"]
[SourceQuality "1"]

{[%evp 14,82,24,-6,-3,-14,-19,-20,0,-37,-29,-64,22,-50,-50,-43,-52,-103,-105,-85,-62,-66,-64,-94,-111,-104,-50,-81,-90,-78,-81,-132,-112,-96,-73,-72,-86,-58,0,0,0,-35,-33,-21,-22,-25,12,0,15,-4,4,-83,-79,-73,-66,-103,-81,-60,-18,-77,-60,-43,0,-385,-365,-411,-406,-904,-858,-5393,-5273]} 1. e4 c5 2. Nf3 e6 3. d4 cxd4 4. Nxd4 Nc6 5. Nc3 Qc7 6. Be3 a6 7. Qd2 {7.g4 is a critical line.} Nf6 8. Be2 b5 {B49: Sicilian: Taimanov: 5 Nc3 Qc7 6 Be3 a6 7 Be2.} 9. a3 Bb7 10. f3 Rc8 {[#] The position is equal.} 11. Rc1 $146 ({Predecessor:} 11. g4 Nxd4 12. Bxd4 e5 13. Bf2 Be7 14. Rc1 O-O 15. Nd5 Nxd5 16. exd5 f5 17. gxf5 Rxf5 {0-1 (35) Lu,Y (2330)-Dzagnidze,N (2535) Lishui 2009}) 11... Ne5 12. Bf2 b4 (12... Bc5 $15) 13. Nb1 ({Better is} 13. axb4 $11 Bxb4 14. O-O) 13... d5 $15 14. exd5 $1 Nxd5 15. axb4 ({White should play} 15. O-O $15) 15... Bxb4 $17 16. c3 O-O {[%cal Od5f4]} 17. O-O Bd6 18. Rfd1 Nc4 19. Bxc4 Qxc4 (19... Bxh2+ $17 20. Kh1 Bf4) 20. b3 Qc7 {Black is much more active. The white rooks are badly placed.} 21. g3 Rfd8 22. Qe1 (22. Qe2 $142) 22... Ne7 {...e5 is the strong threat.} 23. Qe2 Bc5 {A strong pair of Bishops.} 24. b4 Bxd4 25. Rxd4 Nf5 ({Black should try} 25... Rxd4 $15 26. Bxd4 Nc6) 26. Rxd8+ $11 Rxd8 27. Rd1 (27. Nd2 $5) 27... Rc8 28. Bc5 h5 29. Nd2 Re8 30. Ne4 Qe5 31. Bd4 (31. Kg2 {looks sharper.} Bc6 32. Rd2 a5 33. bxa5 h4 34. a6) 31... Nxd4 32. cxd4 (32. Rxd4 $11 {remains equal.} Bxe4 33. Qxe4) 32... Qd5 $17 33. Kf2 Rd8 34. Rd2 Qf5 (34... Qb3 {is interesting.} 35. Rb2 Qa3 36. Nc5 Bd5) 35. Kg2 Bc6 (35... h4 {seems wilder.} 36. Nc5 Bd5 37. Qd3 Qh5) 36. Qe3 (36. Rc2 $11 Bb5 37. Qe3) 36... Rb8 37. Rb2 a5 {[%cal Ba6a5,Ba5b4,Bb4b3,Bb3b2][%mdl 32]} 38. Nc5 $2 {[%mdl 8192]} (38. Rc2 $11 {and White has nothing to worry.} Bd5 39. bxa5) 38... Rxb4 $19 39. Rxb4 axb4 40. Nd3 (40. Qb3 $142) 40... b3 {[#] aiming for ...Bb5.} 41. Ne5 b2 {Weighted Error Value: White=0.71/Black=0.16 (very precise)} 0-1

[Event "Romanian Team Rapid Open 2022"]
[Site "Sebes"]
[Date "2022.12.03"]
[Round "7.26"]
[White "Creanga, Robert-Ionut"]
[Black "Simina, Alexandru-Ioan"]
[Result "1-0"]
[WhiteElo "2190"]
[BlackElo "1244"]
[Annotator "TA"]
[PlyCount "119"]
[EventDate "2022.12.03"]
[EventType "rapid"]
[EventCountry "ROU"]
[SourceTitle "playchess.com"]
[Source "ChessBase"]
[SourceQuality "1"]

{[%evp 9,118,13,39,24,26,25,64,69,87,0,102,109,106,99,99,25,126,115,145,143,132,137,179,185,214,202,235,200,245,212,271,192,187,192,268,162,169,162,168,160,163,161,209,166,180,159,183,172,247,227,227,214,218,171,166,130,140,139,133,135,148,0,125,79,187,135,153,159,146,141,147,97,184,142,361,361,347,350,365,337,584,578,553,553,543,484,771,726,5685,5548,4956,2184,29989,29990,29991,29992,29991,29992,29992,29993,29993,29994,29995,29996,29996,29997,29997,29998,29998,29999,29999]} 1. d4 d5 2. c4 c6 3. Nc3 Nf6 4. e3 a6 5. Qc2 Bg4 6. h3 {D10: Slav Defence: 3 cxd5 (without early Nf3) and 3 Nc3.} Bh5 7. Qb3 b5 8. cxd5 {White is slightly better.} cxd5 {[#]} 9. a4 $146 (9. g4 $1 $16 {[%cal Rg4h5]} Bg6 10. g5) ({Predecessor:} 9. g4 Bg6 10. g5 Ne4 11. Qxd5 Nxc3 12. Qxd8+ Kxd8 13. bxc3 Nc6 14. Bg2 Rc8 15. Ne2 {1-0 (36) Maiorov,N (2474)-Nechaeva,M (2377) Chess.com INT 2022}) 9... Qa5 (9... b4 $1 $11 10. Nce2 (10. Qxb4 Nc6 $17) 10... e6) 10. Bd2 $16 b4 11. Na2 $36 {[%cal Bc3a2,Ba2b4,Bb4c6][%mdl 2080] White is really pushing.} e6 12. Rc1 {Inhibits Nc6.} (12. Nxb4 Ne4 13. Bc3 Nd7 $11) ({White should try} 12. Bxb4 $16 Bxb4+ 13. Qxb4) 12... Nbd7 (12... Qb6 $1 $11 {keeps the balance.}) 13. Bxb4 Bxb4+ 14. Qxb4 Qxb4+ 15. Nxb4 a5 16. Nc6 O-O 17. Bb5 {[#] Strongly threatening g4.} Kh8 18. Ne2 Nb6 19. Nf4 Nc8 20. Nxh5 Nxh5 21. O-O Na7 (21... Nd6 {was necessary.} 22. Ne5 Kg8) 22. Nxa7 ({And not} 22. Nxa5 Nxb5 23. b4 (23. axb5 $2 Rxa5 24. Rc5 Ra4 $19) 23... Nd6 $15) 22... Rxa7 23. Rc6 Nf6 24. Rfc1 g6 25. g4 g5 (25... Kg7 $142 26. f3 g5) 26. Kg2 Kg7 27. f3 Rb8 28. Rc7 Rbb7 (28... Raa8 {might work better.} 29. R1c5 h5) 29. Rxb7 $18 Rxb7 {[%mdl 4096] Endgame KRB-KRN} 30. Rc8 Ra7 31. Kg3 h5 32. gxh5 Nxh5+ 33. Kf2 f5 34. Rc6 {White is more active.} Kf7 35. Rc8 {And now Be8+ would win.} Kg7 $1 36. Ke2 (36. b3 $142) 36... Nf6 (36... f4 $16) 37. Kd3 (37. Kd2 $18) 37... g4 $16 38. hxg4 fxg4 39. fxg4 Nxg4 40. Rc2 (40. Kd2 $142) 40... Kf7 (40... Kf6 $16) 41. b3 e5 $2 {This move loses the game for Black.} (41... Nf6 $16 42. Rc6 Ke7) 42. dxe5 $18 Nxe5+ 43. Kd4 Ng4 44. Bc6 (44. Kxd5 $2 {too greedy.} Nxe3+ 45. Kc6 Nxc2 $19) 44... Re7 $2 (44... Nf6 {keeps fighting.} 45. Rc5 Ke6 46. Bxd5+ Kf5 47. Bc4+ Kg6) 45. Bxd5+ Kf6 46. e4 Kg5 47. Rc5 Nf6 (47... Ra7 $142 48. Be6+ Kh4) 48. e5 Nd7 49. Rc7 {White wants to mate with e6.} Rxe5 50. Rxd7 Rxd5+ 51. Rxd5+ {White mates.} Kf6 52. Rxa5 {KR-K} Ke6 53. Rd5 Kf6 54. a5 Ke6 55. a6 Ke7 56. a7 Ke6 57. a8=Q Kf7 58. Qc6 Kg8 59. Rd7 {[%cal Rc6a8]} Kf8 60. Qc8# {Weighted Error Value: White=0.23 (precise) /Black=0.48} 1-0

[Event "Romanian Team Rapid Open 2022"]
[Site "Sebes"]
[Date "2022.12.03"]
[Round "7.29"]
[White "Teodorescu, Razvan"]
[Black "Badau, Iancu-Daniel"]
[Result "1/2-1/2"]
[WhiteElo "2118"]
[BlackElo "1792"]
[Annotator "TA"]
[PlyCount "44"]
[EventDate "2022.12.03"]
[EventType "rapid"]
[EventCountry "ROU"]
[SourceTitle "playchess.com"]
[Source "ChessBase"]
[SourceQuality "1"]

{[%evp 17,44,10,58,58,59,61,58,51,55,27,33,3,43,0,0,0,0,0,0,0,0,-61,0,-10,7,0,36,10,18]} 1. d4 d5 2. c4 c6 3. Nf3 Nf6 4. e3 e6 5. Nc3 Nbd7 6. Bd3 dxc4 7. Bxc4 b5 8. Be2 b4 9. Na4 Qa5 (9... Bb7 $11 {was preferrable.}) 10. b3 {D47: Semi-Slav: Meran System.} Ba6 11. O-O Be7 12. Bxa6 {White is slightly better.} Qxa6 13. Bb2 O-O 14. Qc2 Rac8 {[#]} 15. Rac1 $146 ({Predecessor:} 15. Qc4 Qa5 16. Ne5 Nxe5 17. dxe5 Nd7 18. f4 Qb5 19. Rac1 Qxc4 20. Rxc4 Nb6 21. Nxb6 axb6 {0-1 (33) Fedorko,S (2104)-Motycakova,M (2038) Slovakia 2010}) 15... c5 16. dxc5 Nxc5 17. Nxc5 Rxc5 18. Qb1 Rfc8 19. Nd2 ({White should try} 19. Rxc5 $11 Rxc5 20. Ne5) 19... h6 ({Better is} 19... Rxc1 $1 $15 20. Bxc1 (20. Rxc1 Rxc1+ 21. Qxc1 Qxa2 $17) 20... Nd5) 20. Nc4 Qb5 21. Rfd1 a5 22. h3 Qa6 {Weighted Error Value: White=0.19 (very precise) /Black=0.20 (precise)} 1/2-1/2

[Event "Romanian Team Rapid Open 2022"]
[Site "Sebes"]
[Date "2022.12.03"]
[Round "7.31"]
[White "Campian, Cristian"]
[Black "Denes, Attila-Norbert"]
[Result "1-0"]
[WhiteElo "1998"]
[BlackElo "1755"]
[Annotator "TA"]
[PlyCount "55"]
[EventDate "2022.12.03"]
[EventType "rapid"]
[EventCountry "ROU"]
[SourceTitle "playchess.com"]
[Source "ChessBase"]
[SourceQuality "1"]

{[%evp 16,55,0,-52,-46,-45,7,10,49,41,96,62,261,250,256,247,391,389,462,472,461,453,772,759,29987,29988,29988,1160,29965,29964,5679,5679,5297,5197,5018,4698,29989,29990,29982,6295,6287,1786]} 1. e4 c5 2. Nc3 g6 3. f4 Bg7 4. Nf3 Nc6 5. Bc4 e6 6. f5 Nge7 7. fxe6 fxe6 8. O-O O-O 9. a4 (9. d3 $11) 9... d5 $15 {B23: Closed Sicilian: Lines without g3.} 10. Ba2 a6 (10... Nb4 $15) 11. d3 $11 b5 {The position is equal.} (11... Nb4 {keeps more tension.} 12. Bb3 Nec6 13. exd5 exd5 14. Bg5 Qd6) 12. exd5 ({Don't play} 12. axb5 axb5 13. exd5 Nb4 $15) 12... exd5 ({Black should play} 12... Nxd5 $14 13. Ne4 (13. axb5 Nxc3 14. bxc3 axb5 $11) 13... Qb6) 13. axb5 $16 {[#]} axb5 $146 {[#]} ({Better is} 13... Nb4 $14) ({Predecessor:} 13... Nd4 14. Bg5 Nxf3+ 15. Rxf3 Bxc3 16. bxc3 c4 17. dxc4 axb5 18. cxd5 Qb6+ 19. Be3 Qd6 20. Rxf8+ Kxf8 {1-0 (33) Strobel,M-Schroeder,J Germany 1987}) 14. Bxd5+ $1 $18 {[%mdl 512]} Nxd5 15. Rxa8 Nxc3 (15... Nc7 {is a better defense.}) 16. bxc3 Bxc3 17. Bh6 Re8 18. Qb1 {Threatens to win with Qb3+.} Qd5 (18... Nd4 $142 19. Kh1 Qd5) 19. Qxb5 {aiming for Ng5.} Bd7 20. Rxe8+ Bxe8 {[#]} 21. Ng5 (21. Ne5 $142 $1 {[%mdl 512]} Qd6 22. Qb3+ Kh8 23. Qxc3 Nd4 24. Nf7+ Bxf7 25. Rxf7 g5 {[#]} 26. Qa1 $1) 21... Bd4+ 22. Kh1 {[%csl Gh6][%cal Rf1f8]} Bg7 23. Bxg7 Kxg7 24. Qb7+ Kh6 25. h4 {[%csl Gg5][%cal Rb7h7]} Bd7 26. Rf7 {[%csl Gg5][%cal Rf7h7]} Kh5 27. Rxh7+ (27. Rxd7 $142 Qf5 28. Qxc6 Kxh4 29. Nf3+ Kg3 30. Rxh7 g5 31. Qd6+ Kf2 32. Rh2) 27... Kg4 28. Qxd7+ {White took control after the opening.   Weighted Error Value: White=0.11 (very precise) /Black=1.70} 1-0

[Event "Romanian Team Rapid Open 2022"]
[Site "Sebes"]
[Date "2022.12.03"]
[Round "7.32"]
[White "Chereches, Marius-Calin"]
[Black "Tarciuc, Ianis-Mihai"]
[Result "1/2-1/2"]
[WhiteElo "1472"]
[BlackElo "1642"]
[Annotator "NA RC COMBH"]
[PlyCount "117"]
[EventDate "2022.12.03"]
[EventType "rapid"]
[EventCountry "ROU"]
[SourceTitle "playchess.com"]
[Source "ChessBase"]
[SourceQuality "1"]

1. e4 c5 2. Nf3 g6 3. d4 cxd4 4. Nxd4 Nc6 5. Be3 Bg7 6. Nc3 Nf6 7. Bc4 d6 8. f3 O-O 9. Qd2 Bd7 10. O-O-O a6 11. g4 Ne5 12. Bb3 b5 13. h4 b4 14. Nd5 a5 15. h5 Nfxg4 16. fxg4 Bxg4 17. hxg6 Bxd1 18. Qh2 h5 19. Kxd1 Qd7 20. Nxe7+ Qxe7 21. Qxh5 Rfc8 22. Qh7+ Kf8 23. Bh6 Qf6 24. Nf5 Bxh6 25. Qxh6+ Ke8 26. g7 Qxh6 27. Rxh6 Kd7 28. Rxd6+ Kc7 29. Ba4 Rd8 30. Rxd8 Rxd8+ 31. Ke2 Rg8 32. Ke3 Rd8 33. Nh6 Ng4+ 34. Nxg4 Rg8 35. Bb3 Rxg7 36. Nh6 f6 37. Nf5 Rg5 38. Kd4 Kc6 39. Ba4+ Kb6 40. Kd5 Rg4 41. Ne3 Rg5+ 42. Kd6 Ka6 43. Bb3 Rg3 44. Nd5 Rg6 45. Ke6 Kb5 46. Nxf6 a4 47. Bd5 Rg2 48. c4+ bxc3 49. bxc3 Rc2 50. c4+ Kb4 51. c5 Rxc5 52. Nd7 Rc2 53. Nb6 a3 54. Kd6 Kb5 55. Nc4 Rxa2 56. Nxa3+ Rxa3 57. e5 Re3 58. e6 Rxe6+ 59. Bxe6 1/2-1/2

[Event "Romanian Team Rapid Open 2022"]
[Site "Sebes"]
[Date "2022.12.03"]
[Round "8.1"]
[White "Jianu, Vlad-Cristian"]
[Black "Dragomirescu, Robin-Alexandru"]
[Result "1-0"]
[WhiteElo "2516"]
[BlackElo "2337"]
[Annotator "TA"]
[PlyCount "49"]
[EventDate "2022.12.03"]
[EventType "rapid"]
[EventCountry "ROU"]
[SourceTitle "playchess.com"]
[Source "ChessBase"]
[SourceQuality "1"]

{[%evp 10,49,26,7,7,4,30,2,10,13,20,5,10,8,16,28,35,27,59,44,33,21,137,101,230,250,232,239,323,324,372,354,444,444,510,450,488,439,464,471,458,454]} 1. d4 Nf6 2. Nf3 e6 3. g3 b6 4. Bg2 Bb7 5. O-O c5 6. dxc5 (6. c4 {simplifies} cxd4 7. Nxd4 Bxg2 8. Kxg2 Qc8 9. b3) 6... Bxc5 {A47: 1 d4 Nf6 2 Nf3 b6: Torre, London and Colle Systems.} 7. c4 d5 8. Ne5 Nbd7 {The position is equal.} 9. Qa4 O-O 10. Nxd7 Qxd7 11. Qxd7 Nxd7 {[#]} 12. Nc3 $146 {[%cal Rc4d5]} ({Predecessor:} 12. cxd5 Bxd5 13. Bxd5 exd5 14. Rd1 Nf6 15. b3 d4 16. Bb2 Rad8 17. a3 Rfe8 18. Kf1 {1-0 (43) Flumbort,A-Janvari,A Paks 1997}) 12... Bb4 13. Bd2 (13. cxd5 {simplifies} Bxc3 14. dxe6 Bxg2 15. Kxg2 fxe6 16. bxc3 Rac8 17. Bd2) 13... Ne5 14. cxd5 Nc4 {[%csl LRb2,LRd2] Inhibits a3.} 15. Rfd1 exd5 (15... Nxb2 $11 {keeps the balance.} 16. Rdb1 Bxc3 17. Bxc3 Na4) 16. a3 Nxb2 {Loses the game.} (16... Bxc3 $16 {keeps fighting.} 17. Bxc3 Rfd8) 17. axb4 $18 Nxd1 18. Rxd1 Rac8 19. Nxd5 {Ne7+ is the strong threat.} Rfe8 {[#] Inhibits Ne7+.} 20. Nxb6 $1 {[%mdl 512]} axb6 (20... Rc7 21. Bf4) 21. Bxb7 {White is clearly winning.} Rc7 22. Bf3 Rd8 23. Kf1 Rcd7 24. Ke1 Rd4 25. Bc6 {Weighted Error Value: White=0.14 (very precise) /Black=0.46} 1-0